Library Banner

Sports rehabilitation and injury prevention / (Record no. 129962)

MARC details
000 -LEADER
fixed length control field 00720cam a22002174a 4500
001 - CONTROL NUMBER
control field 16537374
005 - DATE AND TIME OF LATEST TRANSACTION
control field 20221231094251.0
008 - FIXED-LENGTH DATA ELEMENTS--GENERAL INFORMATION
fixed length control field 100217s2010 enka b 001 0 eng
020 ## - INTERNATIONAL STANDARD BOOK NUMBER
International Standard Book Number 9780470985632 (pbk.)
040 ## - CATALOGING SOURCE
Transcribing agency PK-LaUMT
082 00 - DEWEY DECIMAL CLASSIFICATION NUMBER
Classification number 617.1027
Edition number 22
Item number SPO-
245 00 - TITLE STATEMENT
Title Sports rehabilitation and injury prevention /
Statement of responsibility, etc edited by Paul Comfort and Earle Abrahamson
260 ## - PUBLICATION, DISTRIBUTION, ETC. (IMPRINT)
Place of publication, distribution, etc Chichester, West Sussex, UK ;
-- Hoboken, NJ :
Name of publisher, distributor, etc Wiley-Blackwell,
Date of publication, distribution, etc 2010
300 ## - PHYSICAL DESCRIPTION
Extent xx, 528 p. :
Other physical details ill. ;
Dimensions 26 cm.
650 #0 - SUBJECT ADDED ENTRY--TOPICAL TERM
Topical term or geographic name as entry element Sports injuries.
650 12 - SUBJECT ADDED ENTRY--TOPICAL TERM
Topical term or geographic name as entry element Athletic Injuries
General subdivision prevention & control.
650 12 - SUBJECT ADDED ENTRY--TOPICAL TERM
Topical term or geographic name as entry element Athletic Injuries
General subdivision rehabilitation.
700 1# - ADDED ENTRY--PERSONAL NAME
Personal name Comfort, Paul.
700 1# - ADDED ENTRY--PERSONAL NAME
Personal name Abrahamson, Earle.
942 ## - ADDED ENTRY ELEMENTS (KOHA)
Koha item type Books
Holdings
Withdrawn status Lost status Damaged status Home library Current library Date acquired Full call number Barcode Date last seen Price effective from Koha item type Copy number
      UMT Health Sciences Campus UMT Health Sciences Campus 2022-12-31 617.1027 SPO- 144293 2023-05-30 2022-12-31 Books  
      UMT Health Sciences Campus UMT Health Sciences Campus 2022-12-31 617.1027 SPO- 144294 2023-05-25 2022-12-31 Books C.2